Les Santes, Festa Major de Mataró : una aproximació qualitativa al seu impacte i reflexions de futur una aproximació qualitativa al seu impacte i reflexions de futur

Publicat: Barcelona : Diputació de Barcelona , 2022
Descripció física: 133 pàgines : il·lustracions en color, taules, gràfics : 21 x 30 cm
Idioma: Català

MARC

LEADER 00000nam a2200000 a 4500
001 29308
003 AGDB
005 20260324181546.0
008 260202b spa||||| |||| 00| 0 cat d
040 |a agdb  |b cat 
041 |a cat 
245 |a Les Santes, Festa Major de Mataró :   |b una aproximació qualitativa al seu impacte i reflexions de futur 
260 |a Barcelona :  |b Diputació de Barcelona,  |c 2022 
300 |a 133 pàgines :  |b il·lustracions en color, taules, gràfics :  |c 21 x 30 cm 
650 0 |a Festes majors (Mataró, Catalunya)  |9 73000 
650 0 |a Festes populars  |2 Arxiu  |9 33701 
710 1 |a Barcelona (Catalunya : Província).  |b Àrea de Cultura  |9 53536 
710 1 |a Mataró (Catalunya).  |b Ajuntament  |9 53904 
942 |2 udc  |c ARXIU  |n 1 
952 |0 0  |1 0  |2 udc  |4 0  |6 BIB1435  |7 1  |9 99048  |a Arxiu  |b Arxiu  |d 2026-02-02  |l 0  |o Bib-1435  |p 29308  |r 2026-02-02 13:44:22  |w 2026-02-02  |y ARXIU 
999 |c 130704  |d 130704